|
|
|
|
| LEADER |
01093nam a2200289 i 4500 |
| 001 |
108 |
| 003 |
BD-DhAAL |
| 005 |
20150425092659.0 |
| 008 |
150425s1980 mnua b 001 0 eng |
| 010 |
|
|
|a 80015873
|
| 020 |
|
|
|a 0829920978
|
| 040 |
|
|
|a DLC
|c DLC
|d DLC
|d BD-DhAAL
|
| 050 |
0 |
0 |
|a JX68
|b .I497
|
| 082 |
0 |
0 |
|a 341
|
| 100 |
1 |
|
|a Weston, Burns H.,
|d 1933-
|9 10630
|
| 245 |
1 |
0 |
|a International law and world order :
|b a problem-oriented coursebook /
|c by Burns H. Weston, Richard A. Falk, Anthony A. D'Amato.
|
| 260 |
|
|
|a St. Paul, Minn. :
|b West Pub. Co.,
|c 1980.
|
| 300 |
|
|
|a lxxi, 1195 p. :
|b ill. ;
|c 26 cm.
|e & teacher's manual.
|
| 490 |
|
|
|a American casebook series
|
| 504 |
|
|
|a Includes bibliographical references and index.
|
| 541 |
|
|
|e 108
|
| 650 |
|
0 |
|a International law.
|9 10631
|
| 700 |
1 |
|
|a Falk, Richard A.
|9 10632
|
| 700 |
1 |
|
|a D'Amato, Anthony A.
|9 10633
|
| 942 |
|
|
|2 ddc
|c BK
|
| 999 |
|
|
|c 34297
|d 34297
|
| 952 |
|
|
|0 0
|1 0
|2 ddc
|4 0
|6 341_000000000000000_WES
|7 0
|9 53550
|a SCL
|b SCL
|c GEN
|d 2015-04-25
|e Gift: The Asia Foundation
|l 1
|o 341 WES
|p 3020000108
|r 2024-02-03
|s 2024-02-03
|t 1
|w 2015-04-25
|y BK
|